|
|
|
|
| LEADER |
00000nas a2200000 a 4500 |
| 001 |
ssj0003059 |
| 003 |
WaSeSS |
| 005 |
20200512172242.0 |
| 006 |
m d |
| 007 |
cr n |
| 008 |
000918c19959999nyumr pss 0 a0eng c |
| 010 |
|
|
|a 2003215584
|
| 016 |
7 |
|
|a 012434489
|2 Uk
|
| 022 |
|
|
|a 1546-170X
|l 1078-8956
|y 1078-8956
|
| 035 |
|
|
|a (WaSeSS)ssj0003059
|
| 037 |
|
|
|b Nature Medicine Subscription Dept., P.O. Box 5054, Brentwood, TN 37024-5054
|
| 040 |
|
|
|a RCE
|b eng
|e pn
|c RCE
|d EYM
|d OCLCQ
|d NSD
|d OCLCQ
|d OCLCF
|d OCLCO
|d VT2
|d EUW
|d OCLCO
|d OCLCQ
|d DEFHM
|d OCLCO
|d OCLCA
|d WT2
|d OCLCQ
|d BUF
|d OCLCQ
|d OCLCO
|d AU@
|d OCLCO
|d WYU
|d UKMGB
|d U3W
|d OCLCO
|d OCLCA
|d LEAUB
|d OCLCO
|d OCLCA
|d DLC
|d OCLCQ
|d SFB
|d WaSeSS
|
| 042 |
|
|
|a nsdp
|a pcc
|
| 050 |
0 |
0 |
|a RB113
|
| 082 |
1 |
0 |
|a 610
|2 13
|
| 130 |
0 |
|
|a Nature medicine (Online)
|
| 210 |
0 |
|
|a Nat. med.
|b (Online)
|
| 222 |
|
0 |
|a Nature medicine
|b (Online)
|
| 245 |
1 |
0 |
|a Nature medicine
|h [electronic resource].
|
| 246 |
3 |
0 |
|a Medicine
|
| 260 |
|
|
|a New York, N.Y. :
|b Nature America, Inc.
|
| 310 |
|
|
|a Monthly
|
| 362 |
1 |
|
|a Print began with vol. 1, no. 1 (Jan. 1995).
|
| 500 |
|
|
|a Each issue also has a distinctive title.
|
| 506 |
|
|
|a License restrictions may limit access.
|
| 520 |
|
|
|a Abstracts and full-text (PDF only), Sept. 1998- ; abstracts only, Mar. 1996-Aug. 1998.
|
| 538 |
|
|
|a Mode of access: World Wide Web.
|
| 588 |
0 |
|
|a Vol. 2, no. 3 (Mar. 1996); title from journal home page (viewed Sept. 18, 2000).
|
| 588 |
1 |
|
|a Vol. 25, no. 12 (Dec. 2019) (Nature website, viewed Dec. 30, 2019).
|
| 650 |
|
0 |
|a Pathology, Molecular
|v Periodicals.
|
| 650 |
|
0 |
|a Molecular biology
|v Periodicals.
|
| 650 |
|
2 |
|a Molecular Biology.
|
| 650 |
|
2 |
|a Medicine.
|
| 650 |
|
7 |
|a Health & Medicine (General)
|2 ebps
|
| 650 |
|
7 |
|a Molecular biology.
|2 fast
|0 (OCoLC)fst01024734
|
| 650 |
|
7 |
|a Pathology, Molecular.
|2 fast
|0 (OCoLC)fst01054980
|
| 650 |
|
7 |
|a Medizin
|2 gnd
|
| 650 |
|
7 |
|a Zeitschrift
|2 gnd
|
| 650 |
|
7 |
|a Online-Ressource
|2 gnd
|
| 655 |
|
0 |
|a Electronic journals.
|
| 776 |
1 |
|
|t Nature medicine
|x 1078-8956
|w (DLC) 95660642
|w (OCoLC)31218891
|
| 850 |
|
|
|a DLC
|
| 856 |
4 |
0 |
|z Full text available from Research Library: 01/01/2000 to 1 year ago
|u https://search.proquest.com/publication/33975
|